Parvana's journey / (Record no. 57516)

MARC details
000 -LEADER
fixed length control field 00685nam a22002177a 4500
005 - DATE AND TIME OF LATEST TRANSACTION
control field 20111011115833.0
010 ## - LCCN (DPL NO)
LC control number G-001730
020 ## - INTERNATIONAL STANDARD BOOK NUMBER
Terms of availability 120.00
International Standard Book Number 9788177669206
035 1d - SYSTEM CONTROL NUMBER
System control number G-001730
037 ## - SOURCE OF ACQUISITION
Source of stock number/acquisition Gift
082 ## - DEWEY DECIMAL CLASSIFICATION NUMBER
Classification number N
100 ## - MAIN ENTRY--PERSONAL NAME
Personal name Ellis, Deborah
245 E# - TITLE STATEMENT
Title Parvana's journey /
Statement of responsibility, etc by Deborah Ellis
260 ## - PUBLICATION, DISTRIBUTION, ETC. (IMPRINT)
Place of publication, distribution, etc Pune
Name of publisher, distributor, etc Mehta Publishing House
Date of publication, distribution, etc 2009
270 ## - ADDRESS
Address 1941 Sidashiv Peth, Madiwale Colony,
City Pune
Postal code 411030
300 ## - PHYSICAL DESCRIPTION
Extent 114p.
Dimensions 21cm(pbk)
500 ## - GENERAL NOTE
General note Includes glossary
942 ## - ADDED ENTRY ELEMENTS (KOHA)
Source of classification or shelving scheme Dewey Decimal Classification
Item type Children Books
Classification part N
Call number suffix ELL
Holdings
Withdrawn status Lost status Not for loan Collection code Home library Current library Date acquired Source of acquisition Cost, normal purchase price Full call number Barcode Copy number Cost, replacement price Koha item type
      Fiction Janak Puri Janak Puri 11/10/2011 gift 120.00 N ELL G-001730 1 120.00 Children Books

© Delhi Public Library
Hit Counter
free hit counter